Οικογένειες παιδιών με ιδιαίτερες δυσκολίες και σχολική ένταξη

Αποθηκεύτηκε σε:
Λεπτομέρειες βιβλιογραφικής εγγραφής
Άλλοι συγγραφείς: Caldin, Roberta (edtf), Κουρκούτας, Ηλίας Ε., 1961- (Επιμελητής έκδοσης)
Μορφή: Βιβλίο
Γλώσσα:Greek
Δημοσίευση: Αθήνα : Πεδίο, 2012.
Σειρά:Προβλήματα μάθησης και συμπεριφοράς στο σχολείο
Θέματα:
Ετικέτες: Προσθήκη ετικέτας
Δεν υπάρχουν, Καταχωρήστε ετικέτα πρώτοι!

MARC

LEADER 00000nam a2200000 a 4500
001 1/109347
008 151112s2012####gr | ||| |||||||gre||
020 |a 9789605460884 
040 |a GR-MyUa  |b gre  |c GR-MyUa  |e AACR2 
041 0 |a gre 
082 7 |a 371.9   |2 (23) 
245 0 0 |a Οικογένειες παιδιών με ιδιαίτερες δυσκολίες και σχολική ένταξη /   |c επιστημονική επιμέλεια : Ηλίας Ε. Κουρκούτας και Roberta Caldin.  
260 |a Αθήνα :   |b Πεδίο,   |c 2012.  
300 |a 476 σ. ;   |c 24 εκ.  
490 1 |a (Προβλήματα μάθησης και συμπεριφοράς στο σχολείο).  
504 |a Περιλαμβάνει βιβλιογραφικές παραπομπές. 
650 0 |a Children with disabilities  |x Family relationships. 
650 0 |a Parents of children with disabilities 
650 0 |a Counseling 
650 0 |a Inclusive education  |z Greece. 
650 0 |a Mainstreaming in education 
700 1 |a Caldin, Roberta,  |e edtf 
700 1 |a Κουρκούτας, Ηλίας Ε.,   |d 1961-  |e edt 
830 0 |a Προβλήματα μάθησης και συμπεριφοράς στο σχολείο 
852 |a INST  |b RHODES  |c EUDOXUS  |e 20151112  |h 371.9 ΟΙΚ  |p 005400038100  |q 005400038100  |t EDX  |y 0 
852 |a INST  |b RHODES  |c EUDOXUS  |e 20171213  |h 371.9 ΟΙΚ  |p 005400039707  |q 005400039707  |t EDX  |y 0 
920 |a Εύδοξος  |b Επιστροφή  |y Ρόδος  |z 2015-11 
970 |z 12-11-2015